El futuro de las malvinas /
Guardado en:
| Autor Principal: | |
|---|---|
| Formato: | Libro |
| Idioma: | Spanish |
| Publicado: |
Buenos Aires :
Emecé
|
| Materias: | |
| Etiquetas: |
Agregar Etiqueta
Sin Etiquetas, Sea el primero en etiquetar este registro!
|
| LEADER | 00686nam a22002415a 4500 | ||
|---|---|---|---|
| 001 | EHU.bham030113 | ||
| 003 | AR-BHAM | ||
| 005 | 20080527150140.0 | ||
| 005 | 19831115000000.0 | ||
| 008 | 831109s1982####ag#######b####000#0#spa#d | ||
| 010 | |a 83164982 | ||
| 020 | |a 9500401355 | ||
| 082 | 3 | 2 | |a 327.82 |
| 100 | 1 | |a Carril, Bonifacio del | |
| 245 | 1 | 0 | |a El futuro de las malvinas / |c Bonifacio Del Carril |
| 260 | |a Buenos Aires : |b Emecé | ||
| 300 | |a 82 p. | ||
| 653 | |a Historia argentina contemporánea | ||
| 653 | |a Guerra de malvinas | ||
| 653 | |a Diplomacia argentina | ||
| 653 | |a Relaciones internacionales | ||
| 859 | |a AR-BHAM |b BIB. HUMANIDADES - General |h 327.82 |i C235-1 |p 346.06 |t Ej.1 | ||
